banner-ar

جان بول سارتر(الحياة, الفلسفة, الادب, المسرح, السياسة) / (Record no. 40301)

MARC details
000 -الفاتح
حقل البيانات ثابتة الطول 00537nam a2200169Ia 4500
008 - عناصر البيانات ثابتة الطول - معلومات عامة
حقل البيانات ثابتة الطول 140319s9999 xx 000 0 ara d
040 ## - مصدر الفهرسة
وكالة الفهرسة الأصلية GCL /
وكالة النسخ GCL
082 04 - رقم تصنيف ديوى العشرى
رقم التصنيف 928.4
رقم المادة س ج
100 1# - المدخل الرئيسى - إسم شخصى
الإسم الشخصى عبدالمنعم الحفنى
245 10 - بيان العنوان
العنوان جان بول سارتر(الحياة, الفلسفة, الادب, المسرح, السياسة) /
بيان المسئوليه,etc عبدالمنعم الحفنى
700 1# - المدخل الاضافى - اسم شخصى
الإسم الشخصى سارتر ، جان بول
490 ## - بيان السلسلة
عنوان السلسلة
650 04 - المدخل الاضافى بالموضوع-مصطلح موضوعى
مصطلح موضوعي الادباء
650 04 - المدخل الاضافى بالموضوع-مصطلح موضوعى
مصطلح موضوعي سارتر، جان بول
942 ## - عناصر المدخل الإضافي( كوها)
مصدر التصنيف او مخطط الترفيف Dewey Decimal Classification
Koha [default] item type كتاب
Holdings
حالة التراجع حالة الفقد حالة تلف ليس للاعارة المكان المؤقت الموقع الحالى تاريخ الاكتساب اجمالي اﻻعارات رقم الطلب الباركود تاريخ اخر مشاهدة تاريخ تفعيل السعر نوع وعاء كوها
        مكتبة القاهرة الكبرى مكتبة القاهرة الكبرى 03/26/2014   928.4\س ج 97769 03/26/2014 03/26/2014 كتاب

Powered By

EGPV